| 000 | 00508nam a2200145 a 4500 | ||
|---|---|---|---|
| 008 | 120416s1981 ||||||||||||||||| || u | ||
| 050 | _aQA 76.6 Knu | ||
| 100 | _aKnuth, Donald Ervin | ||
| 245 | 1 | 4 | _aThe Art of computer programming |
| 250 | _a2nd. ed. | ||
| 260 |
_aReading _bAddison-Wesley _c1981 |
||
| 300 | _axiv, 688p. : ill. | ||
| 350 | _a0.00 | ||
| 995 |
_D0.00 _FCBU-MAIN LIBRARY (Kitwe) _H1 _I28.95 _M1 _UAVAILABLE _ZAnnex Low-Usage Collection |
||
| 999 |
_c34864 _d34864 |
||